| 000 | 00779nam a22001817a 4500 | ||
|---|---|---|---|
| 999 |
_c15053 _d15053 |
||
| 003 | OSt | ||
| 082 | _2631.3 AJM/MO | ||
| 088 | _aP 301 | ||
| 100 |
_aAJMAL T. M _aSHAHALA T. P _93835 |
||
| 245 | _aModification and performance evaluation of a mechanical mixer for preparation of biocontrol agents used in agriculture | ||
| 260 |
_aTavanur 2015 _bDEPARTMENT OF FARM POWER MACHINERY AND ENERGY |
||
| 300 | _a35 | ||
| 500 | _aModification and performance evaluation of a mechanical mixer for preparation of bio-control agents used in agriculture | ||
| 520 | _aTalc based bio-control agents - KCAET workshop modified mixer- user friendly | ||
| 700 |
_aEr. Shivaji K. P (Guide) _93477 |
||
| 856 | _uhttps://drive.google.com/open?id=1FObpl5S44H_WwOWNUP_NK5myG97GNH0L | ||
| 942 | _cPR | ||